Responses for Show #8374 - Thursday, April 8, 2021

Champion's winnings & consolation amounts matched to the North Valley Community Foundation.

Contestants

[<< previous game]

Abbey Copeland, a professor and scenic designer from North Haven, Connecticut

Pasquale Palumbo, a financial services professional from Hawthorne, New York

Brandon Deutsch, a student from Long Beach, California (whose 3-day cash winnings total $70,026)

[next game >>]

Jeopardy! Round responses

TOP OF THE BILL
A NOUN & ALSO A VERB
PLACES IN TEXAS
THE IVY LEAGUE
HEAVY METAL
GUITARS & DRUMS
    $200 30
(Pasquale: Who is Tom Cruise?)

Tom Hanks

BrandonPasquale
    $200 20
season

Brandon
    $200 14
the Rio Grande

Abbey
    $200 10
Quakers

Brandon
    $200 15
the Golden Gate Bridge

Pasquale
    $200 29
a pickup

Abbey
    $400 21
(Pasquale: Who is John Cazale?)
...
(Aaron: Who had been named Fredo himself is [*].)

Alfredo James Pacino

Pasquale
Triple Stumper
    $400 19
clip

Pasquale
    $400 1
Paris

Abbey
    $400 6
(Abbey: What is Harvard?)

Yale

BrandonAbbey
    $400 2
lead

Pasquale
    $400 28
a bass drum

Abbey
    $600 22
Marilyn Monroe

Pasquale
    $600 18
a draft

Pasquale
    $3,000 11
the Blarney Stone

Brandon
    $600 7
Columbia

Pasquale
    $600 3
gold

Pasquale
    $600 25
chords

Pasquale
    $800 23
(Brandon: Who is Mandy Patinkin?)
...
(Aaron: Mandy was Inigo Montoya, Brandon.)

Cary Elwes

BrandonPasquale
    $800 17
foil

Pasquale
    $800 12
Utopia

Abbey
    $800 8
(Aaron: Yes, after Nicholas [*].)

Brown

Brandon
    $800 4
a tank

Brandon
    $800 26
a snare drum

Pasquale
    $1000 24
Bruce Lee

Abbey
    $1000 16
temper

Pasquale
    $1000 13
Laredo

Pasquale
    $1000 9
Love Story

Pasquale
    $1000 5
Nickel

Brandon
    $1000 27
(Aaron: Yeah, you're saving it for all those $1000 ones, huh?)

Les Paul

Abbey

Scores at the first commercial break (after clue 15):

Brandon Pasquale Abbey
$6,200 $3,800 $1,000

Scores at the end of the Jeopardy! Round:

Brandon Pasquale Abbey
$5,800 $8,800 $3,600

Double Jeopardy! Round responses

WOMEN ON STAMPS
IT HAPPENED IN EUROPE!
BOOKS BY THE NUMBER
CONSTITUTIONAL CHECKUP
FUNNY TV SONGS
WIPE OUT
    $400 5
Pocahontas

Pasquale
    $400 20
Oktoberfest

Pasquale
    $400 29
[The end-of-round signal sounds.]

Fahrenheit 451

Pasquale
    $400 10
habeas corpus

Pasquale
    $400 15
hide

Brandon
    $800 1
Ethel Merman

Brandon
    $800 19
(Abbey: What is Hungary?)

Romania

BrandonAbbey
    $800 25
(Pasquale: What is "80 Days"?)

Five Weeks

PasqualeAbbey
    $800 6
the vice president

Pasquale
    $800 24
Barney Stinson

Brandon
    $800 14
dated (from outdated)

Pasquale
    $1200 2
Cassatt

Abbey
    $1200 16
(Abbey: What are the Magyars?)
(Pasquale: What are the Kazakhs?)

Cossacks

PasqualeAbbey
Triple Stumper
    $1200 26
(Aaron: With less than a minute to go.)

Ready Player Two

Pasquale
    $1200 7
treaties

Pasquale
    $1200 23
Community

Brandon
    $1200 13
standing (from outstanding)

Pasquale
    $1600 3
Carmen Miranda

Abbey
    $5,000 17
austerity measures

Brandon
    $5,000 27
(Pasquale: Who is D'Artagnan?)

Porthos

Pasquale
    $1600 8
(Brandon: What are high crimes and misdemeanors?)

impeachment

Brandon
Triple Stumper
    $1600 22
It's Always Sunny in Philadelphia

Abbey
    $1600 12
bail (from bailout)

Pasquale
    $2000 4
Marian Anderson

Triple Stumper
    $2000 18
Runnymede

Abbey
    $2000 28
A Thousand Acres

Triple Stumper
    $2000 9
letters of marque

Pasquale
    $2000 21
(Aaron: Yes, sung by Phoebe.)

"Smelly Cat"

Abbey
    $2000 11
wide (as in wideout)

Pasquale

Scores at the end of the Double Jeopardy! Round:

Brandon Pasquale Abbey
$13,200 $14,200 $10,800

[wagering suggestions for these scores]

Final Jeopardy! Round responses

SOUTH AMERICA
AbbeyWhat are Buenas Ares + Montevideo?
$10,500
BrandonWhat are Buenos Aires and Santiago?
$13,198
PasqualeWhat are Rio & Buenos Aires? Sao Paulo
$7,401
(2 of) Buenos Aires, Bogotá, or Lima

Final scores:

Brandon Pasquale Abbey
$2 $6,799 $300
3rd place: $1,000 New champion: $6,799 2nd place: $2,000

Game dynamics:

Coryat scores:

Brandon Pasquale Abbey
$7,400 $19,200 $10,800
14 R
(including 2 DDs),
2 W
26 R,
5 W
(including 1 DD)
13 R,
3 W

Combined Coryat: $37,400

[game clues] [game scores] [suggest correction]

Game tape date: 2021-02-17
The J! Archive is created by fans, for fans. Scraping, republication, monetization, and malicious use prohibited; this site may use cookies and collect identifying information. See terms. The Jeopardy! game show and all elements thereof, including but not limited to copyright and trademark thereto, are the property of Jeopardy Productions, Inc. and are protected under law. This website is not affiliated with, sponsored by, or operated by Jeopardy Productions, Inc. Join the discussion at JBoard.tv.